=LDR 00000nam 2200000 4500 =001 INLIS000000000063196 =005 20240321081701 =035 ##$$a 0010-0224000066 =007 ta =008 240321################g##########0#ind## =082 ##$$a 028.5 =084 ##$$a 028.5 Bal b =100 #$$a Sarah Ball =245 1#$$a breaking brewster /$c Sarah Ball =260 ##$$a [s.l] :$b Ludorum,$c 2010 =300 ##$$a 26 hlm : $b Ilus ; $c 20 cm =990 ##$$a 1201102688 =990 ##$$a 1201102688 =990 ##$$a 1201102688